The modern use of the Bible, (Record no. 4280)
[ view plain ]
| 000 -LEADER | |
|---|---|
| fixed length control field | 00972cam a22002771 4500 |
| 001 - CONTROL NUMBER | |
| control field | 7820407 |
| 003 - CONTROL NUMBER IDENTIFIER | |
| control field | OSt |
| 005 - DATE AND TIME OF LATEST TRANSACTION | |
| control field | 20181204131413.0 |
| 008 - FIXED-LENGTH DATA ELEMENTS--GENERAL INFORMATION | |
| fixed length control field | 780901s1925 nyu b 000 0 eng |
| 010 ## - LIBRARY OF CONGRESS CONTROL NUMBER | |
| LC control number | 33014931 |
| 035 ## - SYSTEM CONTROL NUMBER | |
| System control number | (OCoLC)4187347 |
| 040 ## - CATALOGING SOURCE | |
| Original cataloging agency | DLC |
| Transcribing agency | NGenoU |
| Modifying agency | OCoLC |
| -- | DLC |
| 042 ## - AUTHENTICATION CODE | |
| Authentication code | premarc |
| 050 00 - LIBRARY OF CONGRESS CALL NUMBER | |
| Classification number | BS511 |
| Item number | .F6 1925 |
| 082 ## - DEWEY DECIMAL CLASSIFICATION NUMBER | |
| Classification number | 220 |
| Item number | F748M |
| 100 1# - MAIN ENTRY--PERSONAL NAME | |
| Personal name | Fosdick, Harry Emerson, |
| Dates associated with a name | 1878-1969. |
| 245 14 - TITLE STATEMENT | |
| Title | The modern use of the Bible, |
| Statement of responsibility, etc. | by Harry Emerson Fosdick. |
| 260 ## - PUBLICATION, DISTRIBUTION, ETC. | |
| Place of publication, distribution, etc. | New York, |
| Name of publisher, distributor, etc. | Macmillan, |
| Date of publication, distribution, etc. | 1925. |
| 300 ## - PHYSICAL DESCRIPTION | |
| Extent | 7 p. l., 291 p. |
| Dimensions | 20 cm. |
| 500 ## - GENERAL NOTE | |
| General note | Published September, 1924. Reprinted October, November, December, 1924; January, 1925. |
| 500 ## - GENERAL NOTE | |
| General note | These lectures have just been delivered on the Lyman Beecher Foundation at Yale University. - Pref. |
| 504 ## - BIBLIOGRAPHY, ETC. NOTE | |
| Bibliography, etc. note | Bibliography at end of each lecture. |
| 630 00 - SUBJECT ADDED ENTRY--UNIFORM TITLE | |
| Uniform title | Bible |
| General subdivision | Criticism, interpretation, etc. |
| 906 ## - LOCAL DATA ELEMENT F, LDF (RLIN) | |
| a | 7 |
| b | cbc |
| c | oclcrpl |
| d | u |
| e | ncip |
| f | 19 |
| g | y-gencatlg |
| 942 ## - ADDED ENTRY ELEMENTS (KOHA) | |
| Source of classification or shelving scheme | Dewey Decimal Classification |
| Koha item type | Books |
| Withdrawn status | Lost status | Source of classification or shelving scheme | Damaged status | Not for loan | Collection code | Home library | Current library | Shelving location | Date acquired | Cost, normal purchase price | Total Checkouts | Full call number | Barcode | Date last seen | Price effective from | Koha item type |
|---|---|---|---|---|---|---|---|---|---|---|---|---|---|---|---|---|
| Dewey Decimal Classification | Non-fiction | Harvest Mission College | Harvest Mission College | General Stacks | 04.12.2018 | 420.00 | 220 F748M | 004911 | 04.12.2018 | 04.12.2018 | Books |
